| 000 | 00658nam a2200169 a 4500 | ||
|---|---|---|---|
| 001 | 000038044 | ||
| 005 | 20210629083419.0 | ||
| 008 | 130312s2000 dr a r 000 0 spa d | ||
| 040 |
_aDO-SdBNP _bspa _cBNPHU |
||
| 082 |
_axxxx _bxxxx |
||
| 245 | 0 | 0 | _aEl libro de las bellas artes /Secretaría de Estado de Cultura. |
| 260 |
_aSanto Domingo : _bDirección General de Bellas Artes , _bSecretaría de Estado de Cultura , _c2000. |
||
| 300 |
_a286 p. : _bil. ; _c26 cm. |
||
| 490 | 1 |
_aPublicaciones de la Universidad Autónoma de Santo Domingo _v1006 |
|
| 590 | _aInventariado, 2018/BT | ||
| 830 |
_aPubliacaciones de la Universidad Autónoma de Santo Domingo _956533 |
||
| 999 |
_c37534 _d37534 |
||